[Event "Olimpiade 2014 - Open"]
[Site "Tromsø"]
[Date "02.08.2014"]
[Round "1.58"]
[Board "2"]
[White "Khatanbaatar, Bazar"]
[Black "Al Habeeb, Emad"]
[Result "1-0"]
[WhiteTitle "GM"]
[WhiteElo "2390"]
[BlackElo "2044"]
[WhiteTeam "Mongolia"]
[BlackTeam "Saudi Arabia"]
[WhiteFideId "4900332"]
[BlackFideId "21500029"]
[EventDate "2014.08.02"]

1. e4 e6 2. d4 Nf6 3. e5 Nd5 4. c4 Bb4+ 5. Nd2 Nf4 6. Qg4 Ng6 7. h4 h5 8. Qg3
Nc6 9. Nf3 d5 10. c5 a6 11. Bd3 Nce7 12. O-O c6 13. Nb3 Ba5 14. Bg5 Qc7 15. Bxe7
Nxe7 16. Qxg7 Rf8 17. Ng5 Rg8 18. Qxf7+ Kd8 19. Nxe6+ Bxe6 20. Qxe6 b6 21. Rfc1
Qd7 22. Qd6 Rc8 23. e6 Qxd6 24. cxd6 1-0

[Event "Olimpiade 2014 - Open"]
[Site "Tromsø"]
[Date "02.08.2014"]
[Round "1.58"]
[Board "3"]
[White "Al Mutairi, Hassan S"]
[Black "Gundavaa, Bayarsaikhan"]
[Result "0-1"]
[BlackTitle "GM"]
[WhiteElo "2075"]
[BlackElo "2501"]
[WhiteTeam "Saudi Arabia"]
[BlackTeam "Mongolia"]
[WhiteFideId "21500193"]
[BlackFideId "4901045"]
[EventDate "2014.08.02"]

1. d4 Nf6 2. Bf4 g6 3. e3 d6 4. h3 Bg7 5. Be2 O-O 6. Nf3 c5 7. c3 b6 8. Nbd2 Bb7
9. a4 a6 10. O-O Nbd7 11. Re1 Re8 12. Nc4 Ne4 13. Qc2 Rc8 14. Rad1 b5 15. axb5
axb5 16. Ncd2 Nxd2 17. Qxd2 c4 18. Ra1 e5 19. Bg3 e4 20. Nh2 Nb6 21. Reb1 Bd5
22. Bd1 Qd7 23. Ra6 Rb8 24. b3 Qb7 25. Ra5 cxb3 26. Rxb5 Qc6 27. Rb4 Nc4 28. Qe1
Rxb4 29. cxb4 Na3 30. Rxb3 Bxb3 31. Bxb3 Rc8 32. Nf1 d5 33. Qa1 Nb5 34. Qa2 Nc3
35. Qa5 Bf8 36. Be5 Ra8 37. b5 Nxb5 38. Qd2 Ra3 39. Bd1 Nc3 40. f3 Ra2 0-1

[Event "Olimpiade 2014 - Open"]
[Site "Tromsø"]
[Date "02.08.2014"]
[Round "1.59"]
[Board "1"]
[White "Smerdon, David"]
[Black "Van Rensselaer, William"]
[Result "1-0"]
[WhiteTitle "GM"]
[BlackTitle "FM"]
[WhiteElo "2513"]
[BlackElo "1908"]
[WhiteTeam "Australia"]
[BlackTeam "US Virgin Isles"]
[WhiteFideId "3202305"]
[BlackFideId "6800165"]
[EventDate "2014.08.02"]

1. e4 d5 2. exd5 Nf6 3. c4 c6 4. Nc3 cxd5 5. cxd5 Nxd5 6. Nf3 Nc6 7. Bb5 e6 8.
O-O Bd6 9. d4 O-O 10. Re1 Qa5 11. Bd3 Nxc3 12. bxc3 Qxc3 13. Rb1 Nxd4 14. Nxd4
Kh8 15. Nb5 Qc6 16. Be4 Rd8 17. Bxc6 1-0

[Event "Olimpiade 2014 - Open"]
[Site "Tromsø"]
[Date "02.08.2014"]
[Round "1.59"]
[Board "2"]
[White "Massana, Jorge"]
[Black "Ly, Moulthun"]
[Result "0-1"]
[WhiteTitle "CM"]
[BlackTitle "IM"]
[WhiteElo "2180"]
[BlackElo "2462"]
[WhiteTeam "US Virgin Isles"]
[BlackTeam "Australia"]
[WhiteFideId "3100073"]
[BlackFideId "3204405"]
[EventDate "2014.08.02"]

1. d4 Nf6 2. Nf3 g6 3. Bf4 Bg7 4. e3 O-O 5. Nbd2 c5 6. c3 cxd4 7. cxd4 d6 8. h3
Nc6 9. Be2 Bf5 10. a3 Rc8 11. O-O a6 12. Rc1 b5 13. b4 Nd5 14. Bg3 Nb6 15. e4
Bd7 16. d5 Nd4 17. Nxd4 Bxd4 18. Nf3 Bb2 19. Rb1 Na4 20. Qd2 Bg7 21. e5 Nc3 22.
Rbc1 Ne4 23. Qe3 Nxg3 24. fxg3 dxe5 25. Nxe5 Bxe5 26. Qxe5 Qb6+ 27. Kh2 Qd6 28.
Qxd6 exd6 29. Rxc8 Bxc8 30. Rc1 Bb7 31. Bf3 Rc8 32. Rxc8+ Bxc8 33. g4 g5 34. Kg3
Kg7 35. Be4 h6 36. Bf5 Bb7 37. Bd7 Bxd5 38. Bc8 Kf6 39. Bxa6 Bc6 40. a4 bxa4 41.
b5 Ba8 42. b6 a3 43. Bc4 Ke5 44. Kf2 Kd4 45. Ba2 Kc5 46. Ke3 0-1

[Event "Olimpiade 2014 - Open"]
[Site "Tromsø"]
[Date "02.08.2014"]
[Round "1.59"]
[Board "3"]
[White "Ikeda, Junta"]
[Black "Creswell, Reece"]
[Result "1-0"]
[WhiteTitle "FM"]
[WhiteElo "2402"]
[BlackElo "1645"]
[WhiteTeam "Australia"]
[BlackTeam "US Virgin Isles"]
[WhiteFideId "3204731"]
[BlackFideId "6800262"]
[EventDate "2014.08.02"]

1. d4 e6 2. c4 f5 3. Nc3 Nf6 4. Nf3 Be7 5. Qc2 d6 6. e4 O-O 7. Bd3 Nc6 8. a3 a6
9. exf5 exf5 10. Bxf5 Bxf5 11. Qxf5 Qe8 12. Be3 Qf7 13. d5 Na5 14. Qd3 Nb3 15.
Rd1 Ng4 16. Ne4 Nxe3 17. fxe3 Nc5 18. Nxc5 dxc5 19. O-O Qh5 20. e4 Bd6 21. g3
Rae8 22. Rde1 b6 23. Kg2 Be5 24. b4 Rf7 25. Nh4 Ref8 26. Rxf7 Qxf7 27. Nf3 Qf6
28. Rf1 h6 29. bxc5 bxc5 30. Nd2 Qd6 31. Rxf8+ Qxf8 32. Nf3 Qd6 33. Qb3 Bf6 34.
Qb8+ Kh7 35. Qc8 Bb2 36. a4 Bf6 37. e5 Bxe5 38. Qf5+ 1-0

[Event "Olimpiade 2014 - Open"]
[Site "Tromsø"]
[Date "02.08.2014"]
[Round "1.59"]
[Board "4"]
[White "Mongiello, Anthony"]
[Black "Smirnov, Anton"]
[Result "0-1"]
[BlackTitle "FM"]
[WhiteElo "1580"]
[BlackElo "2334"]
[WhiteTeam "US Virgin Isles"]
[BlackTeam "Australia"]
[WhiteFideId "6800173"]
[BlackFideId "3208923"]
[EventDate "2014.08.02"]

1. d4 d5 2. Nf3 Nf6 3. Bf4 c5 4. e3 Nc6 5. c3 Qb6 6. Qb3 c4 7. Qxb6 axb6 8. Nbd2
b5 9. Be2 b4 10. O-O e6 11. Ne5 Nxe5 12. Bxe5 Nd7 13. Nf3 Nxe5 14. Nxe5 f6 15.
Nf3 b5 16. Nd2 f5 17. f4 bxc3 18. bxc3 b4 19. Rfc1 Bd7 20. cxb4 Bxb4 21. Nb1 Ke7
22. Nc3 Ra3 23. Nd1 Bd2 24. Rc2 Bxe3+ 25. Nxe3 Rxe3 26. Bf3 Rb8 27. Kf2 Ra3 28.
Re1 Kd6 29. Re3 Rba8 30. Rxa3 Rxa3 31. g4 Ba4 32. Rb2 c3 33. Rb1 Rxa2+ 34. Ke3
Rxh2 35. Rc1 c2 36. Be2 fxg4 37. Bxg4 h5 38. Be2 h4 39. Kd2 Bb5 40. Re1 0-1

[Event "Olimpiade 2014 - Open"]
[Site "Tromsø"]
[Date "02.08.2014"]
[Round "1.60"]
[Board "1"]
[White "Bacchas, Clevert"]
[Black "Ynojosa Aponte, Felix Jose"]
[Result "0-1"]
[WhiteTitle "CM"]
[BlackTitle "IM"]
[WhiteElo "1948"]
[BlackElo "2448"]
[WhiteTeam "Bermuda"]
[BlackTeam "Venezuela"]
[WhiteFideId "8800758"]
[BlackFideId "3900258"]
[EventDate "2014.08.02"]

1. Nf3 Nf6 2. c4 e6 3. g3 b6 4. Bg2 Bb7 5. O-O c5 6. Nc3 Be7 7. d4 cxd4 8. Nxd4
Bxg2 9. Kxg2 Qc7 10. b3 a6 11. Bb2 d6 12. Qd3 Nbd7 13. Rad1 Ne5 14. Qd2 Qb7+ 15.
Kg1 h5 16. f4 h4 17. fxe5 dxe5 18. Nxe6 fxe6 19. Qg5 Bc5+ 20. e3 Rh5 21. Qg6+
Qf7 22. Qd3 hxg3 23. hxg3 Rh6 24. Qe2 Qb7 25. Qg2 Bxe3+ 26. Rf2 Qxg2+ 27. Kxg2
Bxf2 0-1

[Event "Olimpiade 2014 - Open"]
[Site "Tromsø"]
[Date "02.08.2014"]
[Round "1.60"]
[Board "2"]
[White "Rohl Montes, Juan Armando"]
[Black "Cooper, Gary"]
[Result "1-0"]
[WhiteTitle "IM"]
[WhiteElo "2390"]
[BlackElo "1844"]
[WhiteTeam "Venezuela"]
[BlackTeam "Bermuda"]
[WhiteFideId "3900487"]
[BlackFideId "8800022"]
[EventDate "2014.08.02"]

1. e4 c5 2. Nf3 d6 3. d4 cxd4 4. Nxd4 Nf6 5. Nc3 a6 6. Bc4 e6 7. Bb3 Be7 8. g4
h5 9. g5 Ng4 10. h3 Ne5 11. f4 Nec6 12. Be3 Nxd4 13. Bxd4 e5 14. fxe5 dxe5 15.
Bxe5 Qxd1+ 16. Rxd1 O-O 17. g6 Bh4+ 18. Ke2 Be6 19. gxf7+ Bxf7 20. Rhg1 g5 21.
Bg3 Bxb3 22. Bxh4 Bc4+ 23. Ke3 Nc6 24. Rxg5+ Kf7 25. Rd7+ Ke6 26. Rxb7 Rf6 27.
Rc5 Rc8 28. Bxf6 1-0

[Event "Olimpiade 2014 - Open"]
[Site "Tromsø"]
[Date "02.08.2014"]
[Round "1.60"]
[Board "3"]
[White "Dill, James"]
[Black "Guerrero Vargas, Andres"]
[Result "0-1"]
[BlackTitle "FM"]
[WhiteElo "1899"]
[BlackElo "2318"]
[WhiteTeam "Bermuda"]
[BlackTeam "Venezuela"]
[WhiteFideId "8800049"]
[BlackFideId "3902048"]
[EventDate "2014.08.02"]

1. e4 c5 2. Nf3 e6 3. d4 cxd4 4. Nxd4 Nc6 5. Nc3 Qc7 6. Be2 Nf6 7. O-O Be7 8. a3
O-O 9. Kh1 d6 10. f4 Nxd4 11. Qxd4 b6 12. e5 dxe5 13. fxe5 Nd7 14. Bf4 Bb7 15.
Bf3 Bc5 16. Qd2 Bxf3 17. Rxf3 Nxe5 18. Qe2 f6 19. Bxe5 Qxe5 20. Qxe5 fxe5 21.
Raf1 Bd4 22. Na4 e4 23. Rxf8+ Rxf8 24. Rxf8+ Kxf8 25. Nc3 Bxc3 26. bxc3 b5 27.
Kg1 Ke7 28. Kf2 Kd6 29. c4 bxc4 30. Ke3 Ke5 31. c3 g5 32. h3 h5 33. g3 h4 34.
Kf2 Kf5 35. Kg2 e3 36. gxh4 gxh4 37. Kf3 e2 38. Kxe2 Ke4 39. a4 a5 0-1

[Event "Olimpiade 2014 - Open"]
[Site "Tromsø"]
[Date "02.08.2014"]
[Round "1.60"]
[Board "4"]
[White "Castro, Jose Luis"]
[Black "Warren, Jamel"]
[Result "1-0"]
[WhiteTitle "FM"]
[WhiteElo "2313"]
[BlackElo "1534"]
[WhiteTeam "Venezuela"]
[BlackTeam "Bermuda"]
[WhiteFideId "3901831"]
[BlackFideId "8800650"]
[EventDate "2014.08.02"]

1. e4 e5 2. Nf3 Nc6 3. Bb5 a6 4. Ba4 Nf6 5. O-O Bc5 6. c3 O-O 7. d4 exd4 8. cxd4
Bb6 9. e5 Nd5 10. Bb3 Nce7 11. Bg5 c6 12. Bxd5 cxd5 13. Nc3 Qe8 14. Bxe7 Qxe7
15. Nxd5 Qd8 16. Qb3 Ba7 17. Qa3 Re8 18. Rac1 Bb8 19. Qc3 Ra7 20. Qxc8 Qxc8 21.
Rxc8 Rxc8 22. Ne7+ Kf8 23. Nxc8 Ra8 24. Nb6 Ra7 25. Rc1 1-0

[Event "Olimpiade 2014 - Open"]
[Site "Tromsø"]
[Date "02.08.2014"]
[Round "1.61"]
[Board "1"]
[White "Collins, Sam E."]
[Black "Liu, Yeh Yang"]
[Result "1/2-1/2"]
[WhiteTitle "IM"]
[WhiteElo "2495"]
[BlackElo "1920"]
[WhiteTeam "Ireland"]
[BlackTeam "Chinese Taipei"]
[WhiteFideId "2501198"]
[BlackFideId "16300416"]
[EventDate "2014.08.02"]

1. Nf3 c5 2. g3 Nc6 3. c4 g6 4. Bg2 Bg7 5. O-O d6 6. Nc3 Nf6 7. d4 cxd4 8. Nxd4
Nxd4 9. Qxd4 O-O 10. Qd3 Rb8 11. Bd2 Bf5 12. e4 Be6 13. b3 Qd7 14. Rac1 Bh3 15.
Rfe1 Bxg2 16. Kxg2 Rfc8 17. Bg5 h6 18. Be3 b6 19. h3 Rb7 20. Qd2 Kh7 21. Qe2 Qe6
22. Qf3 Rd7 23. Nd5 Nxe4 24. Bxh6 f5 25. Bxg7 Kxg7 26. Nc3 d5 27. cxd5 Qe5 28.
Nxe4 Rxc1 29. Rxc1 fxe4 30. Qe3 b5 31. Re1 Qxd5 32. Qxe4 Kf6 33. Qf3+ Qxf3+ 34.
Kxf3 Rc7 35. h4 Rc3+ 36. Re3 Rc5 37. Re2 e6 38. Kg4 a5 39. f4 Rd5 40. Rc2 Rd3
41. Rh2 a4 42. bxa4 bxa4 43. Rb2 Ra3 44. Re2 Rc3 45. Rb2 Ra3 46. Rd2 Rc3 47. Re2
Ra3 48. Rf2 Kf7 49. Rg2 Kf6 50. h5 gxh5+ 51. Kxh5 Rc3 52. Kh4 Rf3 53. Re2 Kf7
54. Rd2 Kf6 55. Rc2 Kf7 56. Rc6 Ra3 57. g4 Rxa2 58. Kg5 Ke7 59. Ra6 a3 60. Ra7+
Kd6 61. Ra6+ Ke7 62. f5 exf5 63. Kxf5 Ra1 64. Re6+ Kf7 65. Rf6+ Kg7 66. Kg5 a2
67. Rf2 Kg8 68. Rc2 Kf7 69. Re2 Kf8 70. Rf2+ Kg7 71. Rd2 Kf7 72. Rb2 Kf8 73. Rc2
Kf7 74. Rc7+ Kf8 75. Ra7 Ke8 76. Ra3 Kf7 77. Ra6 Kf8 78. Rf6+ Kg7 79. Rf2 Kg8
80. Rd2 Kf7 81. Re2 Kf8 82. Rb2 Kf7 83. Rb7+ Kf8 84. Ra7 Ke8 85. Ra4 Kf7 86.
Rf4+ Kg7 1/2-1/2

[Event "Olimpiade 2014 - Open"]
[Site "Tromsø"]
[Date "02.08.2014"]
[Round "1.61"]
[Board "2"]
[White "Yang Ching Wei, Austin"]
[Black "Astaneh Lopez, Alex"]
[Result "0-1"]
[BlackTitle "IM"]
[WhiteElo "1883"]
[BlackElo "2419"]
[WhiteTeam "Chinese Taipei"]
[BlackTeam "Ireland"]
[WhiteFideId "16300440"]
[BlackFideId "2501430"]
[EventDate "2014.08.02"]

1. e4 Nf6 2. Nc3 e5 3. Nf3 Nc6 4. Bb5 Bb4 5. O-O O-O 6. Nd5 Nxd5 7. exd5 e4 8.
dxc6 exf3 9. Qxf3 bxc6 10. d4 Rb8 11. Bd3 d5 12. c3 Bd6 13. b4 Qh4 14. h3 f5 15.
Re1 f4 16. Bd2 Bd7 17. b5 cxb5 18. Qxd5+ Kh8 19. Be4 Rf6 20. Bf3 Bxh3 21. gxh3
Qxh3 22. Bg2 Rg6 23. Bxf4 Bxf4 24. Kf1 Qd3+ 25. Re2 Re8 26. Re1 Rge6 27. Bf3 Bd2
28. Kg1 Qg6+ 29. Kf1 Bxe1 30. Bh5 Qd3 0-1

[Event "Olimpiade 2014 - Open"]
[Site "Tromsø"]
[Date "02.08.2014"]
[Round "1.61"]
[Board "3"]
[White "Heidenfeld, Mark"]
[Black "Ho, Jei-Chen"]
[Result "1-0"]
[WhiteTitle "IM"]
[WhiteElo "2382"]
[BlackElo "1808"]
[WhiteTeam "Ireland"]
[BlackTeam "Chinese Taipei"]
[WhiteFideId "2500990"]
[BlackFideId "16300599"]
[EventDate "2014.08.02"]

1. e4 e6 2. d4 d5 3. Nc3 Nf6 4. Bg5 dxe4 5. Nxe4 Nbd7 6. Nf3 h6 7. Nxf6+ Nxf6 8.
Be3 Be7 9. Be2 O-O 10. Ne5 Nd5 11. Bd2 c5 12. c4 Nf6 13. dxc5 Bxc5 14. Nd3 Be7
15. O-O Ne4 16. Be3 b6 17. Qc2 Bb7 18. Rfd1 Qc8 19. Ne5 Bc5 20. Bf3 Bxe3 21.
Bxe4 Bf4 22. Nf3 Rb8 23. g3 Bc7 24. Rd2 Bxe4 25. Qxe4 Rd8 26. Rad1 Rxd2 27. Rxd2
Qe8 28. b3 Rd8 29. Rd4 Bd6 30. Qb7 Bc5 31. Rxd8 Qxd8 32. Kg2 Qf6 33. Qb8+ Kh7
34. Qe5 Qg6 35. Qe2 Qf5 36. Ne5 Bxf2 37. g4 Qf4 38. Qc2+ Kg8 39. Nd3 Qxg4+ 40.
Kxf2 Qh4+ 41. Kf1 Qh3+ 42. Ke1 Qe3+ 43. Qe2 Qg1+ 44. Kd2 Qd4 45. Qe5 Qd7 46. a4
f6 47. Qb5 Qd6 48. Kc3 f5 49. a5 Kf7 50. Qe5 Qc6 51. Qb8 Kf6 52. Qd8+ 1-0

[Event "Olimpiade 2014 - Open"]
[Site "Tromsø"]
[Date "02.08.2014"]
[Round "1.61"]
[Board "4"]
[White "Liao, Jo-Kai"]
[Black "Daly, Colm"]
[Result "0-1"]
[BlackTitle "FM"]
[WhiteElo "1606"]
[BlackElo "2323"]
[WhiteTeam "Chinese Taipei"]
[BlackTeam "Ireland"]
[WhiteFideId "16300343"]
[BlackFideId "2500434"]
[EventDate "2014.08.02"]

1. e4 c5 2. Nf3 e6 3. d4 cxd4 4. Nxd4 a6 5. Nc3 Qc7 6. Be2 Nc6 7. Be3 b5 8. Nxc6
Qxc6 9. e5 Bb7 10. Bf3 Qc7 11. Bxb7 Qxb7 12. O-O Rc8 13. Rc1 Ne7 14. Re1 Nf5 15.
Bf4 Bb4 16. Bd2 Rc4 17. a3 Bc5 18. g3 h5 19. Be3 Nxe3 20. fxe3 h4 21. g4 h3 22.
Qe2 Rh4 0-1

[Event "Olimpiade 2014 - Open"]
[Site "Tromsø"]
[Date "02.08.2014"]
[Round "1.62"]
[Board "1"]
[White "Hernandez, Roberto PLW"]
[Black "Cuartas, Jaime Alexander"]
[Result "0-1"]
[BlackTitle "GM"]
[WhiteElo "1845"]
[BlackElo "2489"]
[WhiteTeam "Palau"]
[BlackTeam "Colombia"]
[WhiteFideId "16600010"]
[BlackFideId "4401190"]
[EventDate "2014.08.02"]

1. f4 Nf6 2. Nf3 c5 3. Nc3 d5 4. e3 a6 5. b3 Nc6 6. d4 Bg4 7. Be2 e6 8. Na4 cxd4
9. Nxd4 Bxe2 10. Qxe2 Nxd4 11. exd4 Ne4 12. O-O b5 13. Nb2 Bb4 14. Nd3 Bc3 15.
Bb2 Qb6 16. Bxc3 Nxc3 17. Qe5 Qxd4+ 18. Qxd4 Ne2+ 19. Kf2 Nxd4 20. c3 Nf5 21.
Nc5 O-O 22. g4 Nd6 23. Ke3 a5 24. Kd4 b4 25. c4 Rfd8 26. cxd5 Nb5+ 27. Ke3 Rxd5
28. Ne4 Rad8 29. Rac1 Rd3+ 30. Kf2 Nc3 31. Rfe1 Nxa2 32. Rc7 Nc3 33. Ng5 R3d7
34. Rc5 h6 35. Nf3 Rd5 36. Rc7 Nb5 37. Rb7 Nd4 38. Ne5 Nxb3 39. Nxf7 R8d7 40.
Rxd7 Rxd7 41. Ne5 Rc7 42. Ng6 Kf7 43. f5 exf5 44. gxf5 Nc5 45. Kf3 b3 46. Kg4 b2
47. Ne5+ Kf6 48. Nc4 Rb7 49. Nd6 Rb4+ 50. Kh5 b1=Q 51. Ne8+ Kxf5 52. Nxg7+ Kf4
53. Re8 Nd7 54. Ne6+ Kf3 55. Re7 Qf5+ 56. Kxh6 Rh4+ 0-1

[Event "Olimpiade 2014 - Open"]
[Site "Tromsø"]
[Date "02.08.2014"]
[Round "1.62"]
[Board "2"]
[White "Rios, Cristhian Camilo"]
[Black "Montel Jr, Cyril Tomas"]
[Result "1-0"]
[WhiteTitle "IM"]
[WhiteElo "2427"]
[BlackElo "1848"]
[WhiteTeam "Colombia"]
[BlackTeam "Palau"]
[WhiteFideId "4403940"]
[BlackFideId "16600037"]
[EventDate "2014.08.02"]

1. e4 c6 2. d4 d5 3. f3 dxe4 4. fxe4 g6 5. Nf3 Bg4 6. Bc4 e6 7. c3 Bg7 8. O-O h6
9. h3 Bxf3 10. Qxf3 Qe7 11. e5 Nd7 12. Nd2 Bxe5 13. dxe5 Nxe5 14. Qf2 O-O-O 15.
Qxa7 Rxd2 16. Bxd2 Nxc4 17. Qd4 e5 18. Qxc4 f5 19. a4 Qc7 20. a5 Kb8 21. Be3 Ne7
22. Bb6 Qc8 23. Qc5 Nd5 24. c4 Nxb6 25. axb6 Qe6 26. Qa5 Kc8 27. Rfd1 1-0

[Event "Olimpiade 2014 - Open"]
[Site "Tromsø"]
[Date "02.08.2014"]
[Round "1.62"]
[Board "3"]
[White "Garcia, Bernardo"]
[Black "Ruiz C, Joshua D"]
[Result "0-1"]
[WhiteTitle "CM"]
[BlackTitle "IM"]
[WhiteElo "1769"]
[BlackElo "2382"]
[WhiteTeam "Palau"]
[BlackTeam "Colombia"]
[WhiteFideId "16600096"]
[BlackFideId "4400704"]
[EventDate "2014.08.02"]

1. c4 c5 2. Nf3 Nc6 3. g3 g6 4. Bg2 Bg7 5. Nc3 e6 6. Ne4 d6 7. O-O f5 8. Nc3
Nge7 9. d3 O-O 10. Bg5 h6 11. Bxe7 Qxe7 12. Nh4 Kh7 13. Rb1 g5 14. Nf3 g4 15.
Ne1 h5 16. Bxc6 bxc6 17. e3 h4 18. d4 cxd4 19. exd4 c5 20. Ne2 Bb7 21. d5 e5 22.
Qc2 Kg8 23. f4 hxg3 24. hxg3 Bc8 25. Kg2 Bd7 26. b4 cxb4 27. Rxb4 e4 28. Rh1
Rfb8 29. Qb1 Qd8 30. Nc2 a5 31. Rb5 Bxb5 32. cxb5 Qb6 33. a4 Rc8 34. Qd1 Rc4 35.
Na3 Rc7 36. Rh5 Qe3 37. Nc2 Qd3 38. Rh1 Rxc2 39. Qxd3 exd3 40. Re1 Rxe2+ 41. Kf1
Rxe1+ 42. Kxe1 Bc3+ 43. Kd1 Re8 0-1

[Event "Olimpiade 2014 - Open"]
[Site "Tromsø"]
[Date "02.08.2014"]
[Round "1.62"]
[Board "4"]
[White "Martinez Romero, Martin"]
[Black "Gonzales, Dennis"]
[Result "1-0"]
[WhiteTitle "IM"]
[WhiteElo "2387"]
[BlackElo "1720"]
[WhiteTeam "Colombia"]
[BlackTeam "Palau"]
[WhiteFideId "4404025"]
[BlackFideId "16600150"]
[EventDate "2014.08.02"]

1. e4 c5 2. Nf3 Nc6 3. Bb5 Qc7 4. c3 e5 5. O-O Be7 6. d4 cxd4 7. cxd4 Nf6 8.
dxe5 Nxe5 9. Bf4 Bd6 10. Bxe5 Bxe5 11. Nxe5 Qxe5 12. Nc3 O-O 13. f4 Qc7 14. e5
Ne8 15. Kh1 a6 16. Nd5 Qc5 17. Bd3 Nc7 18. Bxh7+ Kxh7 19. Qh5+ Kg8 20. Nf6+ gxf6
21. Qg4+ Kh7 22. Rf3 1-0

[Event "Olimpiade 2014 - Open"]
[Site "Tromsø"]
[Date "02.08.2014"]
[Round "1.64"]
[Board "1"]
[White "Drayton, Anthony"]
[Black "Dervishi, Erald"]
[Result "0-1"]
[BlackTitle "GM"]
[WhiteElo "1828"]
[BlackElo "2581"]
[WhiteTeam "Guyana"]
[BlackTeam "Albania"]
[WhiteFideId "19700261"]
[BlackFideId "4700236"]
[EventDate "2014.08.02"]

1. e4 e5 2. Nf3 Nc6 3. Bb5 a6 4. Ba4 Nf6 5. O-O Be7 6. d3 b5 7. Bb3 d6 8. c3 O-O
9. Bg5 h6 10. Bxf6 Bxf6 11. Bd5 Bd7 12. Nbd2 Rb8 13. b4 Ne7 14. Bb3 a5 15. a3 c5
16. bxa5 Qxa5 17. c4 g6 18. Qc2 Bg7 19. Rfb1 Kh7 20. cxb5 Rxb5 21. Nc4 Qa6 22.
a4 Rb4 23. a5 f5 24. Nfd2 Bb5 25. f3 Nc6 26. Ba4 Bxa4 27. Rxa4 Nd4 28. Raxb4
Nxc2 29. Rb6 Qa8 30. a6 Nb4 31. Ra1 d5 32. Nd6 Qd8 33. Rb7 Qxd6 34. a7 Ra8 35.
Nb3 Nxd3 36. exf5 gxf5 37. h4 c4 38. Na5 Qc5+ 0-1

[Event "Olimpiade 2014 - Open"]
[Site "Tromsø"]
[Date "02.08.2014"]
[Round "1.64"]
[Board "2"]
[White "Mehmeti, Dritan"]
[Black "Greenidge, Ronuel"]
[Result "1-0"]
[WhiteTitle "IM"]
[WhiteElo "2416"]
[BlackElo "1630"]
[WhiteTeam "Albania"]
[BlackTeam "Guyana"]
[WhiteFideId "4700600"]
[BlackFideId "19700075"]
[EventDate "2014.08.02"]

1. e4 c6 2. d4 d5 3. e5 Bf5 4. Nc3 e6 5. g4 Bg6 6. Nge2 h6 7. h4 Bb4 8. f4 Ne7
9. h5 Bh7 10. a3 Bxc3+ 11. Nxc3 Nd7 12. Be3 a6 13. Bd3 Bxd3 14. Qxd3 Qc7 15.
O-O-O c5 16. dxc5 Nxc5 17. Bxc5 Qxc5 18. Ne4 Qc7 19. Nd6+ Kd7 20. f5 Raf8 21.
Rhf1 Nc8 22. Nxf7 Ne7 23. Nxh8 Rxh8 24. fxe6+ Kxe6 25. g5 Kd7 26. Qh3+ Ke8 27.
Qe6 Qc6 28. Qf7+ Kd8 29. Qxg7 Rg8 30. Rf8+ Rxf8 31. Qxf8+ Kd7 32. Qxh6 1-0

[Event "Olimpiade 2014 - Open"]
[Site "Tromsø"]
[Date "02.08.2014"]
[Round "1.64"]
[Board "3"]
[White "Su, Haifeng"]
[Black "Ashiku, Franc"]
[Result "0-1"]
[WhiteElo "1724"]
[BlackElo "2284"]
[WhiteTeam "Guyana"]
[BlackTeam "Albania"]
[WhiteFideId "19700202"]
[BlackFideId "4700066"]
[EventDate "2014.08.02"]

1. d4 e6 2. Nf3 Nf6 3. Bf4 c5 4. c3 cxd4 5. cxd4 Nc6 6. Nbd2 Qb6 7. Nb3 a5 8.
Qc2 a4 9. Nbd2 Nxd4 10. Nxd4 Qxd4 11. e3 Qc5 12. Rc1 Qxc2 13. Rxc2 Nd5 14. Bc4
Nxf4 15. exf4 Bb4 16. O-O Bxd2 17. Rxd2 Ke7 18. f5 Ra5 19. fxe6 fxe6 20. a3 Rc5
21. Ba2 Rf8 22. Bb1 g6 23. Re1 b5 24. Be4 Re5 25. Kf1 Ba6 26. f3 b4+ 27. Kf2
bxa3 28. bxa3 Bc4 29. Bc2 Rxe1 30. Kxe1 d5 31. Bxa4 Ra8 32. Bd1 Rxa3 33. Be2 Re3
34. Kf2 Rxe2+ 35. Rxe2 Bxe2 36. Kxe2 e5 37. Ke3 Ke6 38. h3 g5 39. Kd3 h5 40. g4
h4 41. Kc3 Kd6 42. Kd3 Kc5 43. Kc3 d4+ 44. Kd3 Kd5 0-1

[Event "Olimpiade 2014 - Open"]
[Site "Tromsø"]
[Date "02.08.2014"]
[Round "1.64"]
[Board "4"]
[White "Pasku, Llambi"]
[Black "Varona-Thomas, Maria"]
[Result "1-0"]
[WhiteElo "2061"]
[BlackElo "1777"]
[WhiteTeam "Albania"]
[BlackTeam "Guyana"]
[WhiteFideId "4700570"]
[BlackFideId "19700288"]
[EventDate "2014.08.02"]

1. d4 Nf6 2. c4 g6 3. Nc3 Bg7 4. e4 d6 5. Nf3 O-O 6. Be2 Bg4 7. O-O Bxf3 8. Bxf3
e5 9. d5 Nbd7 10. Rb1 Ne8 11. b4 f5 12. c5 Ndf6 13. a4 f4 14. a5 b6 15. Ba3 g5
16. Be2 Rb8 17. Nb5 a6 18. Na7 Ra8 19. Nc6 Qd7 20. axb6 cxb6 21. cxb6 Nxe4 22.
Qc2 N4f6 23. Na5 Rb8 24. b7 Nc7 25. Qc6 Nb5 26. Bb2 Qxc6 27. dxc6 Nc7 28. Rfd1
Nfe8 29. Nc4 Nb5 30. Nb6 Nf6 31. Bxb5 axb5 32. Rxd6 Ne8 33. Rd7 Nf6 34. Rxg7+
Kxg7 35. Bxe5 1-0

[Event "Olimpiade 2014 - Open"]
[Site "Tromsø"]
[Date "02.08.2014"]
[Round "1.65"]
[Board "1"]
[White "Greet, Andrew N"]
[Black "Mdoe, Yusuf"]
[Result "1-0"]
[WhiteTitle "IM"]
[WhiteElo "2431"]
[BlackElo "1707"]
[WhiteTeam "Scotland"]
[BlackTeam "Tanzania"]
[WhiteFideId "405817"]
[BlackFideId "10002235"]
[EventDate "2014.08.02"]

1. e4 c5 2. Nf3 d6 3. Bb5+ Bd7 4. Bxd7+ Qxd7 5. c4 Qg4 6. O-O Qxe4 7. d4 cxd4 8.
Nxd4 Nc6 9. Nb5 O-O-O 10. Be3 a6 11. Nd2 Qe5 12. Na7+ Nxa7 13. Bxa7 Nf6 14. Nf3
Qa5 15. b4 Qc7 16. Qa4 e5 17. Be3 Ne4 18. b5 axb5 19. cxb5 Nc5 20. Bxc5 dxc5 21.
Qa8+ Kd7 22. Rfd1+ Bd6 23. Qa4 Ke7 24. Rd5 Rhe8 25. Qh4+ f6 26. Qxh7 Kf7 27.
Rad1 e4 28. Nh4 Bxh2+ 29. Kh1 Rxd5 30. Rxd5 Bf4 31. Qh5+ Kf8 32. Rxc5 Qb8 33.
Nf5 Qd8 34. Qh8+ Kf7 35. Qxg7+ Ke6 36. Qg4 Rh8+ 37. Nh4+ Kd6 38. Rc4 Kd5 39. Ra4
Qd6 40. g3 Be5 41. Qxe4+ Kc5 42. Qb4+ Kb6 43. Qa5+ Kc5 44. Kg2 Kd5 45. Nf5 Qc5
46. Ne3+ Ke6 47. Rc4 Qd6 48. Qa4 f5 49. Qc2 Rf8 50. Rc8 Rf7 51. Re8+ Kf6 52.
Qxf5+ Kg7 53. Qg5+ Qg6 54. Rg8+ Kxg8 55. Qxg6+ Kf8 56. a4 Bf6 57. a5 1-0